000 00359 a2200157 4500
001 149181
040 _cEscola São Tomás de Aquino
100 _aGATTAI, Zélia
240 1 0 _aPipistrelo das mil cores
_lpor
245 1 0 _aPipistrelo das mil cores
300 _a47
362 0 _a1998
440 1 _aRecord
697 _a*LITERATURA INFANTO
942 _cBK
999 _c149181
_d149181